000 00372nam a2200157Ia 4500
008 191201s2005 xx 000 0 und d
020 _a9789332542525
082 _a621.395
_bMOD
100 _aMORRISMANO, M
245 0 _aDigital Logic and Computer Design
250 _a3rd
260 _aN.Delhi
_bPHI
_c2005
300 _a516
650 _aB.Tech(CSE)
942 _2ddc
_cBK
999 _c2197
_d2197